Perfect Phrases for Motivating and Rewarding Employees (Record no. 325548)
[ view plain ]
| 000 -LEADER | |
|---|---|
| fixed length control field | 00443 a2200133 4500 |
| 001 - CONTROL NUMBER | |
| control field | 90475 |
| 003 - CONTROL NUMBER IDENTIFIER | |
| control field | NUST |
| 082 ## - DEWEY DECIMAL CLASSIFICATION NUMBER | |
| Classification number | 658.314 DIA |
| 100 ## - MAIN ENTRY--PERSONAL NAME | |
| Personal name | Diamond Harriet |
| 9 (RLIN) | 9868 |
| 245 ## - TITLE STATEMENT | |
| Title | Perfect Phrases for Motivating and Rewarding Employees |
| Remainder of title | Hundreds of Ready to Use Phrases to Encourage and Recognize Excellence |
| Medium | English |
| 260 ## - PUBLICATION, DISTRIBUTION, ETC. | |
| Place of publication, distribution, etc. | New York |
| Name of publisher, distributor, etc. | McGraw Hill Publications |
| Date of publication, distribution, etc. | 2006 |
| 300 ## - PHYSICAL DESCRIPTION | |
| Extent | xvi, 175p. |
| 500 ## - GENERAL NOTE | |
| General note | General Books |
| 942 ## - ADDED ENTRY ELEMENTS (KOHA) | |
| Institution code [OBSOLETE] | CAE NUST |
| Koha item type | Book |
| Call number prefix | 658.314 DIA |
| Source of classification or shelving scheme | |
| Withdrawn status | Lost status | Damaged status | Not for loan | Collection code | Permanent Location | Current Location | Date acquired | Total Checkouts | Full call number | Barcode | Date last seen | Price effective from | Koha item type |
|---|---|---|---|---|---|---|---|---|---|---|---|---|---|
| College of Aeronautical Engineering (CAE) | College of Aeronautical Engineering (CAE) | 04/03/2017 | 658.314 DIA | CAE86282 | 04/05/2017 | 04/05/2017 | Book |
